Statistics for germany true or false

Click here to take the quiz!

General Stats

  • This quiz has been taken 32 times
  • The average score is 5 of 5

Answer Stats

QuestionAnswer% Correct
frankfurt is the capital. of germanyfalse
100%
Adolf Hitler was born in germanyfalse
100%
Austria is part of Germanyfalse
97%
Frankfurt has a big airporttrue
97%
do they have more than 80 million peopletrue
90%

Score Distribution

Percentile by Number Answered

Percent of People with Each Score

Your Score History

You have not taken this quiz